000 00289nam a2200133Ia 4500
008 210312s9999||||xx |||||||||||||| ||und||
041 _aosm
050 _aBL51
050 _bL46.D56
100 _aLeonyan, Lütfü
245 0 _aDin nedir?
260 _c1927
650 _aDin--Din felsefesi
999 _c21969
_d21969